000 00601nam a22002297a 4500
001 00028940
005 20260429075954.0
008 260429b ag ||||| |||| 00| 0 spa d
020 _a8441302448
040 _aAR-CcCEOS
_bspa
_cAR-CcCEOS
041 _aspa
080 _a94:7(495)
090 _bBOW v.1
100 _aC. M. Bowra
_91146
245 _aLa Grecia Clásica :
_bVolumen I /
_cC. M. Bowra
264 _aBarcelona :
_bFolio,
_c1996.
300 _a99 p. ;
_c24x18 cm.
490 _vAtlas culturales del mundo
650 0 _ahistoria
_990
655 0 _aarte
_9138
942 _2udc
_cBK
_n0
999 _c28993
_d28993